00570nam a2200181Ia 450000500170000000800410001704000190005804100120007708200170008910000160010624501210012225000380024326000280028130000310030965000190034070000190035985000100037820231122093257.0131103s9999 xx 000 0 und d aLoreto College aEnglish a796.522bHEI aHelm,Arnold 4aThe Throne of the Godsb An Account of the First Swiss Expedition to the Himalayas cArnold Heim and August Gansser atranslated by Eden and Cedar Paul aLondonbMacmillanc1939 axxv,233 p.b Plates,illus. aMountaineering aGansser,August aLCLIB